Dictateurs - Mort Subite - Statistiques

Statistiques générales
  • Ce quiz a été pris 1 493 fois
    1 439 depuis la dernière actualisation
  • Le résultat moyen est 3 sur 8
Answers on the Grid
Answers color-coded by a green-red scale on the quiz's grid according to % correct below.
Adolf Hitler
Abraham Lincoln
Salvador Allende
Fidel Castro
Mao Zedong
Augusto Pinochet
Charles de Gaulle
Joseph Staline
Emmanuel Macron
Francisco Franco
Mohamed Morsi
Napoléon Bonaparte
Jair Bolsonaro
Vladimir Poutine
Benito Mussolini
Angela Merkel
Kim Jong-un
Hugo Chávez
Louis-Napoléon Bonaparte
 
Statistiques - réponses
Réponse % Correct
Joseph Staline
47%
Kim Jong-un
47%
Benito Mussolini
41%
Mao Zedong
34%
Fidel Castro
32%
Francisco Franco
32%
Augusto Pinochet
29%
Napoléon Bonaparte
17%
Aucun quiz correspondant
Distribution des résultats
% des personnes avec chaque résultat
Percentile par nombre de réponses
Votre historique - résultats
Vous n’avez pas pris ce quiz depuis la dernière actualisation